[Event "Lasker Memorial op-B"]
[Site "Barlinek"]
[Date "2001.??.??"]
[Round "7"]
[White "Shushvar, Vitaly"]
[Black "Gavrilenko, Aleksander"]
[Result "1/2-1/2"]
[WhiteElo "2195"]
[BlackElo "2120"]
[PlyCount "54"]
[EventDate "2001.07.19"]
[EventType "swiss"]
[EventRounds "10"]
[EventCountry "POL"]
[SourceTitle "EXT 2003"]
[Source "ChessBase"]
[SourceDate "2002.11.25"]
[SourceVersion "1"]
[SourceVersionDate "2002.11.25"]
[SourceQuality "1"]

1. e4 d5 2. exd5 Nf6 3. d4 Nxd5 4. c4 Nb6 5. Nc3 g6 6. Be3 Bg7 7. Qd2 0-0 8. Nf3 Nc6 9. d5 Ne5 10. Nxe5 Bxe5 11. 0-0-0 c6 12. h4 cxd5 13. c5 Nd7 14. Nxd5 e6 15. Nf4 Qc7 16. Nd3 Bg7 17. Kb1 e5 18. h5 Nf6 19. hxg6 fxg6 20. Nb4 Be6 21. Qc2 Qf7 22. Rd6 Kh8 23. Rxe6 Qxe6 24. Qxg6 Qe8 25. Qf5 Qc8 26. Qg6 Qe8 27. Qf5 Qc8 1/2-1/2

[Event "Lasker Memorial op-B"]
[Site "Barlinek"]
[Date "2001.??.??"]
[Round "3"]
[White "Zimolzak, Piotr"]
[Black "Shushvar, Vitaly"]
[Result "0-1"]
[WhiteElo "2130"]
[BlackElo "2195"]
[PlyCount "59"]
[EventDate "2001.07.19"]
[EventType "swiss"]
[EventRounds "10"]
[EventCountry "POL"]
[SourceTitle "EXT 2003"]
[Source "ChessBase"]
[SourceDate "2002.11.25"]
[SourceVersion "1"]
[SourceVersionDate "2002.11.25"]
[SourceQuality "1"]

1. d4 Nf6 2. Bg5 Ne4 3. Bf4 d5 4. e3 e6 5. Bd3 Nd6 6. Nd2 Nd7 7. Ngf3 c5 8. c3 Qb6 9. Rb1 Qa5 10. 0-0 c4 11. Bc2 Be7 12. Re1 f5 13. Ne5 Nxe5 14. Bxe5 0-0 15. f3 Nf7 16. Bg3 Bd7 17. e4 Rae8 18. b4 Qd8 19. Nf1 Nh6 20. Bf4 g5 21. Be5 f4 22. g3 fxg3 23. hxg3 Bf6 24. Bxf6 Qxf6 25. Kg2 g4 26. f4 Kh8 27. e5 Qg7 28. Ne3 Re7 29. Rh1 Nf5 30. Nxf5 0-1